[Event "Two games a month 2"]
[Site "Winnipeg CAN"]
[Date "2004.03.28"]
[Round "1"]
[White "Rutter, Blair"]
[Black "Sigurdson, Matthew"]
[Result "1-0"]
[WhiteElo "1626"]
[BlackElo "1005"]
[PlyCount "55"]
[GameId "2160767911175193"]
[EventDate "2004.03.28"]
[EventType "swiss"]
[EventRounds "4"]
[EventCountry "CAN"]
[SourceTitle "EXT 2006"]
[Source "ChessBase"]
[SourceDate "2005.11.24"]
[SourceVersion "1"]
[SourceVersionDate "2005.11.24"]
[SourceQuality "1"]

1. d4 Nf6 2. c4 e6 3. Nc3 d5 4. Nf3 g6 5. h3 Bg7 6. Bg5 Nc6 7. e3 O-O 8. Be2 b6 9. Qa4 Bb7 10. cxd5 exd5 11. Bb5 Ne7 12. O-O c6 13. Bd3 Qd7 14. Rac1 Rfe8 15. Ne2 b5 16. Qb3 a5 17. Ne5 Qd6 18. Bf4 Qe6 19. Bh2 Nd7 20. Nf4 Qd6 21. Nf3 a4 22. Qc2 Rac8 23. Nxg6 Qf6 24. Nge5 Nf8 25. Ng4 Qe6 26. Ng5 Qd7 27. Nxh7 f5 28. Nhf6+ 1-0

[Event "Two games a month 2"]
[Site "Winnipeg CAN"]
[Date "2004.03.28"]
[Round "1"]
[White "Still, Graham"]
[Black "Boron, Anthony"]
[Result "0-1"]
[WhiteElo "1347"]
[BlackElo "1931"]
[PlyCount "63"]
[GameId "2160767911175194"]
[EventDate "2004.03.28"]
[EventType "swiss"]
[EventRounds "4"]
[EventCountry "CAN"]
[SourceTitle "EXT 2006"]
[Source "ChessBase"]
[SourceDate "2005.11.24"]
[SourceVersion "1"]
[SourceVersionDate "2005.11.24"]
[SourceQuality "1"]

1. c4 Nf6 2. Nf3 c5 3. g3 g6 4. Bg2 Bg7 5. O-O O-O 6. d4 cxd4 7. Nxd4 Nc6 8. Nc3 Qb6 9. Nxc6 dxc6 10. Qc2 Be6 11. b3 Bf5 12. Qd2 Rad8 13. Qe3 Qa5 14. Bb2 Rd7 15. Rfd1 Ng4 16. Qf3 Rfd8 17. Rxd7 Rxd7 18. Na4 Nf6 19. Bc3 Qd8 20. Nb2 Be4 21. Qe3 Bxg2 22. Kxg2 Ng4 23. Qf3 Bxc3 24. Qxc3 Nf6 25. Nd3 Rd6 26. Qb4 Qc7 27. Nc5 b6 28. Nd3 Rd4 29. Qc3 c5 30. e3 Qb7+ 31. f3 Rd6 32. a3 0-1

[Event "Two games a month 2"]
[Site "Winnipeg CAN"]
[Date "2004.03.28"]
[Round "1"]
[White "Vincent, Trevor"]
[Black "Mor, Shai"]
[Result "1-0"]
[WhiteElo "2053"]
[BlackElo "1370"]
[PlyCount "71"]
[GameId "2160767911175195"]
[EventDate "2004.03.28"]
[EventType "swiss"]
[EventRounds "4"]
[EventCountry "CAN"]
[SourceTitle "EXT 2006"]
[Source "ChessBase"]
[SourceDate "2005.11.24"]
[SourceVersion "1"]
[SourceVersionDate "2005.11.24"]
[SourceQuality "1"]

1. c4 e6 2. g3 g6 3. Bg2 Bg7 4. Nc3 Nc6 5. e4 Nge7 6. Nge2 O-O 7. O-O Nd4 8. Nxd4 Bxd4 9. Ne2 Bg7 10. d4 d6 11. Be3 c6 12. Qd2 a5 13. Rac1 b6 14. f4 Ra7 15. Rfd1 Rd7 16. d5 Bb7 17. dxe6 fxe6 18. Bh3 Kf7 19. Bd4 c5 20. Bxg7 Kxg7 21. Bxe6 Rc7 22. Nc3 Bc8 23. Bxc8 Nxc8 24. Nb5 Rd7 25. e5 Re8 26. Rc3 Re6 27. Rd3 Qe7 28. Rd5 Kf8 29. Nc3 Na7 30. Ne4 Nc6 31. Ng5 Nd4 32. Nxe6+ Qxe6 33. Kg2 Nf5 34. Re1 dxe5 35. Rxd7 Qxd7 36. Qxd7 1-0

[Event "Two games a month 2"]
[Site "Winnipeg CAN"]
[Date "2004.03.28"]
[Round "1"]
[White "Wasserman, Leor"]
[Black "Dharssi, Karim"]
[Result "0-1"]
[WhiteElo "964"]
[BlackElo "1383"]
[PlyCount "64"]
[GameId "2160767911175196"]
[EventDate "2004.03.28"]
[EventType "swiss"]
[EventRounds "4"]
[EventCountry "CAN"]

1. e4 c5 2. Nf3 Nc6 3. Nc3 g6 4. Bc4 d6 5. O-O Nf6 6. d3 a6 7. Bf4 Bg7 8. b3 b5 9. Re1 bxc4 10. bxc4 O-O 11. g3 Bg4 12. Re3 Qa5 13. Qd2 Bxf3 14. Rxf3 Nxe4 15. Nxe4 Bxa1 16. Qxa5 Nxa5 17. Bd2 Nc6 18. Bc3 Bxc3 19. Nxc3 Nd4 20. Re3 Nxc2 21. Rxe7 Nd4 22. Rd7 Rfd8 23. Rc7 Nf3+ 24. Kg2 Ne5 25. Nd5 Nxd3 26. Nb6 Rab8 27. Nd5 Rb2 28. Re7 Rxf2+ 29. Kg1 Rb8 30. Nf6+ Rxf6 31. Ra7 Rf2 32. Rxa6 Rb1# 0-1

[Event "Two games a month 2"]
[Site "Winnipeg CAN"]
[Date "2004.03.28"]
[Round "2"]
[White "Boron, Anthony"]
[Black "Rutter, Blair"]
[Result "1-0"]
[WhiteElo "1931"]
[BlackElo "1626"]
[PlyCount "81"]
[GameId "2160767911175197"]
[EventDate "2004.03.28"]
[EventType "swiss"]
[EventRounds "4"]
[EventCountry "CAN"]
[SourceTitle "EXT 2006"]
[Source "ChessBase"]
[SourceDate "2005.11.24"]
[SourceVersion "1"]
[SourceVersionDate "2005.11.24"]
[SourceQuality "1"]

1. e4 e6 2. d4 d5 3. Bd3 c5 4. exd5 Qxd5 5. Nf3 Nc6 6. Nc3 Qh5 7. dxc5 Bxc5 8. Ne4 Be7 9. O-O Nf6 10. Ng3 Qd5 11. c3 b6 12. Qe2 Bb7 13. Rd1 O-O-O 14. Bc2 Qa5 15. Bd2 Qa6 16. Qe1 Bd6 17. Ne4 Bc7 18. Nfg5 Rhf8 19. a4 h6 20. Nxf6 gxf6 21. Nh7 Rg8 22. Nxf6 Ne5 23. Be4 Nd3 24. Bxb7+ Qxb7 25. Qe4 Bxh2+ 26. Kxh2 Qc7+ 27. g3 Rg6 28. Qa8+ Qb8 29. Qxb8+ Kxb8 30. Ne4 Kb7 31. Be3 Rgg8 32. a5 Ne5 33. Rxd8 Rxd8 34. axb6 axb6 35. Kg2 f5 36. Nd2 Ng4 37. Nc4 h5 38. Bxb6 Rd5 39. Bd4 Kc6 40. Ne3 Nxe3+ 41. Bxe3 1-0

[Event "Two games a month 2"]
[Site "Winnipeg CAN"]
[Date "2004.03.28"]
[Round "2"]
[White "Dharssi, Karim"]
[Black "Hogeveen Rutter, Alexander"]
[Result "0-1"]
[WhiteElo "1383"]
[BlackElo "1768"]
[PlyCount "76"]
[GameId "2160767911175198"]
[EventDate "2004.03.28"]
[EventType "swiss"]
[EventRounds "4"]
[EventCountry "CAN"]
[SourceTitle "EXT 2006"]
[Source "ChessBase"]
[SourceDate "2005.11.24"]
[SourceVersion "1"]
[SourceVersionDate "2005.11.24"]
[SourceQuality "1"]

1. c4 g6 2. g3 Bg7 3. Bg2 Nf6 4. d3 O-O 5. Nc3 c6 6. e3 d5 7. cxd5 Nxd5 8. Nxd5 cxd5 9. d4 Nc6 10. Ne2 Bf5 11. Nc3 Nb4 12. O-O Bd3 13. Nxd5 Bxf1 14. Nxb4 Bxg2 15. Kxg2 a5 16. Nd3 e5 17. dxe5 Bxe5 18. Qb3 Bg7 19. Nf4 b6 20. e4 Bd4 21. Be3 Bxe3 22. Qxe3 Rc8 23. Nd5 Rc6 24. Rc1 Rxc1 25. Qxc1 Re8 26. Qc3 Re6 27. f4 f5 28. Qc4 Kf8 29. e5 Qa8 30. Kh3 g5 31. g4 fxg4+ 32. Kxg4 Rc6 33. Nxb6 h5+ 34. Kf5 Rxc4 35. Nxa8 gxf4 36. Nb6 Rd4 37. e6 f3 38. Ke5 f2 0-1

[Event "Two games a month 2"]
[Site "Winnipeg CAN"]
[Date "2004.03.28"]
[Round "2"]
[White "Liebzeit, Mick"]
[Black "Wasserman, Leor"]
[Result "1-0"]
[WhiteElo "1317"]
[BlackElo "964"]
[PlyCount "75"]
[GameId "2160767911175199"]
[EventDate "2004.03.28"]
[EventType "swiss"]
[EventRounds "4"]
[EventCountry "CAN"]

1. e4 e5 2. Nf3 Nc6 3. Bc4 Nf6 4. O-O Bc5 5. b4 d6 6. bxc5 dxc5 7. Bb2 O-O 8. Nxe5 Nxe5 9. Bxe5 Bg4 10. Bxf6 Bxd1 11. Bxd8 Raxd8 12. Rxd1 Rfe8 13. Nc3 Rd4 14. Bb3 Re6 15. Bxe6 fxe6 16. d3 Rb4 17. Rab1 Rxb1 18. Rxb1 b6 19. Nb5 c6 20. Nxa7 Kf8 21. Rxb6 Ke7 22. Nxc6+ Kd6 23. e5+ Kc7 24. Ra6 Kb7 25. Nb4 cxb4 26. Rxe6 Kc7 27. Rd6 h5 28. Kf1 g5 29. Ke2 h4 30. g3 h3 31. f4 gxf4 32. gxf4 Kc8 33. e6 Kc7 34. Rd7+ Kc8 35. f5 b3 36. axb3 Kb8 37. e7 Kc8 38. e8=Q# 1-0

[Event "Two games a month 2"]
[Site "Winnipeg CAN"]
[Date "2004.03.28"]
[Round "2"]
[White "Mor, Shai"]
[Black "Booth, Kevin"]
[Result "1-0"]
[WhiteElo "1370"]
[BlackElo "1314"]
[PlyCount "91"]
[GameId "2160767911175200"]
[EventDate "2004.03.28"]
[EventType "swiss"]
[EventRounds "4"]
[EventCountry "CAN"]
[SourceTitle "EXT 2006"]
[Source "ChessBase"]
[SourceDate "2005.11.24"]
[SourceVersion "1"]
[SourceVersionDate "2005.11.24"]
[SourceQuality "1"]

1. e4 c5 2. c4 e5 3. g3 b6 4. Nc3 Bb7 5. Nf3 Nc6 6. d3 d6 7. h4 Nf6 8. Bh3 Qc7 9. O-O Nd7 10. Nd5 Qd8 11. Kh2 Nf6 12. Ne1 Nd4 13. Nc2 Nxd5 14. cxd5 Bc8 15. Nxd4 cxd4 16. f4 f6 17. Qa4+ Bd7 18. Bxd7+ Qxd7 19. Qxd7+ Kxd7 20. b3 Rc8 21. Rf2 h6 22. Bb2 Be7 23. Kh3 Rhg8 24. Kg4 g6 25. Rc1 Rxc1 26. Bxc1 f5+ 27. Kf3 fxe4+ 28. dxe4 Rf8 29. Ke2 exf4 30. Rxf4 Rxf4 31. Bxf4 g5 32. hxg5 Bxg5 33. Bxg5 hxg5 34. g4 Ke7 35. Kd3 a6 36. a4 Kf6 37. Kxd4 b5 38. a5 b4 39. e5+ dxe5+ 40. Ke4 Ke7 41. Kxe5 Kd8 42. Kd6 Kc8 43. Ke7 Kb7 44. Kd7 Kb8 45. d6 Ka8 46. Kc7 1-0

[Event "Two games a month 2"]
[Site "Winnipeg CAN"]
[Date "2004.03.28"]
[Round "2"]
[White "Pottinger, Carl"]
[Black "Vincent, Trevor"]
[Result "0-1"]
[WhiteElo "1653"]
[BlackElo "2053"]
[PlyCount "74"]
[GameId "2160767911175201"]
[EventDate "2004.03.28"]
[EventType "swiss"]
[EventRounds "4"]
[EventCountry "CAN"]
[SourceTitle "EXT 2006"]
[Source "ChessBase"]
[SourceDate "2005.11.24"]
[SourceVersion "1"]
[SourceVersionDate "2005.11.24"]
[SourceQuality "1"]

1. d4 Nf6 2. Nf3 c5 3. Bg5 e6 4. c3 d5 5. Nbd2 Be7 6. Bxf6 Bxf6 7. e4 cxd4 8. Nxd4 dxe4 9. Bb5+ Bd7 10. Bxd7+ Qxd7 11. Nxe4 Bxd4 12. Qxd4 Qxd4 13. cxd4 Nc6 14. O-O-O O-O-O 15. Ng5 Rd7 16. Nf3 h6 17. Ne5 Re7 18. f4 Kc7 19. Rd2 Rd8 20. Rhd1 Rd5 21. Kc2 f6 22. Nf3 Red7 23. a3 Ne7 24. Rd3 R5d6 25. Rc3+ Rc6 26. Rxc6+ Nxc6 27. Rd2 Rd5 28. Kc3 Kd6 29. Ne1 Rf5 30. g3 g5 31. fxg5 fxg5 32. Nc2 b5 33. b3 a5 34. a4 Rf3+ 35. Rd3 b4+ 36. Kc4 Rf2 37. Ne3 Rxh2 0-1

[Event "Two games a month 2"]
[Site "Winnipeg CAN"]
[Date "2004.03.28"]
[Round "2"]
[White "Sigurdson, Matthew"]
[Black "Still, Graham"]
[Result "1-0"]
[WhiteElo "1005"]
[BlackElo "1347"]
[PlyCount "103"]
[GameId "2160767911175202"]
[EventDate "2004.03.28"]
[EventType "swiss"]
[EventRounds "4"]
[EventCountry "CAN"]
[SourceTitle "EXT 2006"]
[Source "ChessBase"]
[SourceDate "2005.11.24"]
[SourceVersion "1"]
[SourceVersionDate "2005.11.24"]
[SourceQuality "1"]

1. e4 e6 2. d4 d5 3. e5 c5 4. c3 Nc6 5. Nf3 Qb6 6. a3 a5 7. Be2 Nh6 8. O-O Nf5 9. dxc5 Bxc5 10. Nbd2 O-O 11. Nb3 Be7 12. Nbd4 Ncxd4 13. Nxd4 Nxd4 14. cxd4 f6 15. f4 fxe5 16. fxe5 Rxf1+ 17. Bxf1 Bd7 18. Qd2 h6 19. Rb1 Bg5 20. Qc3 Rc8 21. Qe1 Qxd4+ 22. Kh1 Rxc1 23. Rxc1 Bxc1 24. Qxc1 Qxe5 25. Bd3 Be8 26. h3 Bh5 27. Qc8+ Kf7 28. Qd7+ Kf8 29. Qc8+ Ke7 30. Qxb7+ Kd8 31. Qa8+ Kd7 32. Bb5+ Ke7 33. Qa7+ Kf6 34. Qf2+ Qf5 35. Qxf5+ Kxf5 36. g4+ Kg5 37. gxh5 Kxh5 38. Be8+ Kg5 39. b4 axb4 40. axb4 Kf6 41. b5 Ke7 42. b6 Kd8 43. Bf7 d4 44. Bxe6 d3 45. Bg4 d2 46. Kg2 g6 47. Kf2 d1=Q 48. Bxd1 Kc8 49. Bf3 Kb8 50. b7 Kc7 51. Kg3 Kb8 52. Kf4 1-0

[Event "Two games a month 2"]
[Site "Winnipeg CAN"]
[Date "2004.04.04"]
[Round "3"]
[White "Gibbons, Lorne"]
[Black "Dharssi, Karim"]
[Result "0-1"]
[WhiteElo "1368"]
[BlackElo "1383"]
[PlyCount "64"]
[GameId "2160767911175203"]
[EventDate "2004.03.28"]
[EventType "swiss"]
[EventRounds "4"]
[EventCountry "CAN"]
[SourceTitle "EXT 2006"]
[Source "ChessBase"]
[SourceDate "2005.11.24"]
[SourceVersion "1"]
[SourceVersionDate "2005.11.24"]
[SourceQuality "1"]

1. d4 e6 2. c4 d5 3. Nc3 Bb4 4. Bd2 Nf6 5. f3 Nc6 6. e3 O-O 7. a3 Ba5 8. b4 Nxb4 9. axb4 Bxb4 10. c5 b6 11. cxb6 cxb6 12. Nb5 Bxd2+ 13. Qxd2 a6 14. Ra3 Bd7 15. Nc3 b5 16. Qb2 Qe7 17. Na2 Rfb8 18. Rb3 Ne8 19. Bd3 Nd6 20. Ne2 Nc4 21. Qc1 a5 22. Rb1 Rc8 23. O-O Na3 24. Qd2 Nxb1 25. Rxb1 b4 26. Nxb4 axb4 27. Rxb4 Ra1+ 28. Kf2 Rh1 29. h3 Qh4+ 30. Ng3 Rh2 31. Bf1 Qxh3 32. Qe1 Rc2+ 0-1

[Event "Two games a month 2"]
[Site "Winnipeg CAN"]
[Date "2004.04.04"]
[Round "3"]
[White "Hogeveen Rutter, Alexander"]
[Black "Pottinger, Carl"]
[Result "1-0"]
[WhiteElo "1768"]
[BlackElo "1653"]
[PlyCount "120"]
[GameId "2160767911175204"]
[EventDate "2004.03.28"]
[EventType "swiss"]
[EventRounds "4"]
[EventCountry "CAN"]
[SourceTitle "EXT 2006"]
[Source "ChessBase"]
[SourceDate "2005.11.24"]
[SourceVersion "1"]
[SourceVersionDate "2005.11.24"]
[SourceQuality "1"]

1. e4 c5 2. Nf3 d6 3. d4 cxd4 4. Nxd4 Nf6 5. Nc3 g6 6. Be2 Bg7 7. Be3 O-O 8. Qd2 Nc6 9. f3 Bd7 10. O-O-O Nxd4 11. Bxd4 Be6 12. Kb1 a5 13. g4 a4 14. a3 Qa5 15. Nd5 Bxd5 16. exd5 Qxd5 17. Qb4 Qc6 18. f4 Rfc8 19. c3 Nd5 20. Qb5 Qxb5 21. Bxb5 Nxf4 22. Be3 Ne6 23. Rhe1 Kf8 24. Rf1 Ra5 25. Bd7 Re5 26. Bxc8 Rxe3 27. Bxb7 Nc5 28. Bd5 e6 29. Bc6 Ke7 30. Rf4 Re2 31. Bxa4 Nxa4 32. Rxa4 Rxh2 33. Ra7+ Kf6 34. Rxd6 Kg5 35. Rxf7 Be5 36. Rxe6 Bg3 37. Rf1 Kxg4 38. Re4+ Kh3 39. Re3 h5 40. Rxg3+ Kxg3 41. Rg1+ Rg2 42. Rd1 h4 43. a4 h3 44. a5 h2 45. Rd3+ Kh4 46. Rd4+ Rg4 47. Rxg4+ Kxg4 48. b4 h1=Q+ 49. Kb2 Kf3 50. a6 Qh2+ 51. Kb3 Qc7 52. c4 Qb6 53. b5 g5 54. Kb4 g4 55. c5 Qb8 56. b6 g3 57. a7 Qb7 58. Kb5 g2 59. c6 Qf7 60. a8=Q Qd5+ 1-0

[Event "Two games a month 2"]
[Site "Winnipeg CAN"]
[Date "2004.04.04"]
[Round "3"]
[White "Rutter, Blair"]
[Black "Mor, Shai"]
[Result "1-0"]
[WhiteElo "1626"]
[BlackElo "1370"]
[PlyCount "69"]
[GameId "2160767911175205"]
[EventDate "2004.03.28"]
[EventType "swiss"]
[EventRounds "4"]
[EventCountry "CAN"]
[SourceTitle "EXT 2006"]
[Source "ChessBase"]
[SourceDate "2005.11.24"]
[SourceVersion "1"]
[SourceVersionDate "2005.11.24"]
[SourceQuality "1"]

1. c4 c5 2. g3 g6 3. Bg2 Bg7 4. Nc3 Nc6 5. d3 d6 6. Rb1 e5 7. e4 Nge7 8. Nge2 O-O 9. O-O f5 10. exf5 Bxf5 11. h3 Rf7 12. Kh2 Be6 13. Ne4 h6 14. f4 d5 15. Nxc5 Qc8 16. Nxe6 Qxe6 17. Qb3 dxc4 18. Qxc4 Qd6 19. Qxf7+ Kxf7 20. fxe5+ Ke6 21. exd6 Kxd6 22. Bf4+ Kd7 23. a3 a5 24. Nc3 g5 25. Bd2 Be5 26. Rf7 b5 27. Nd5 Ke6 28. Rff1 Nxd5 29. Bxd5+ Kxd5 30. Bc3 h5 31. Rf5 Re8 32. Rxg5 h4 33. Bxe5 hxg3+ 34. Bxg3+ Kd4 35. Re1 1-0

[Event "Two games a month 2"]
[Site "Winnipeg CAN"]
[Date "2004.04.04"]
[Round "3"]
[White "Sigurdson, Matthew"]
[Black "Booth, Kevin"]
[Result "1-0"]
[WhiteElo "1005"]
[BlackElo "1314"]
[PlyCount "77"]
[GameId "2160767911175206"]
[EventDate "2004.03.28"]
[EventType "swiss"]
[EventRounds "4"]
[EventCountry "CAN"]
[SourceTitle "EXT 2006"]
[Source "ChessBase"]
[SourceDate "2005.11.24"]
[SourceVersion "1"]
[SourceVersionDate "2005.11.24"]
[SourceQuality "1"]

1. e4 c5 2. c3 e5 3. Nf3 Nc6 4. Bc4 g6 5. d4 cxd4 6. cxd4 exd4 7. Nxd4 Bg7 8. Nxc6 bxc6 9. Qc2 Qe7 10. f3 Nf6 11. O-O O-O 12. Nc3 Qc5+ 13. Qf2 Qxc4 14. Be3 d5 15. exd5 Nxd5 16. Nxd5 Qxd5 17. Rad1 Qe6 18. b3 Re8 19. Bxa7 Bh6 20. Rfe1 Qxe1+ 21. Rxe1 Rxe1+ 22. Qxe1 Rxa7 23. Qe8+ Kg7 24. Qxc8 Rxa2 25. h3 Be3+ 26. Kh2 Bf4+ 27. Kg1 Bg3 28. Kf1 Rf2+ 29. Ke1 Rxf3+ 30. Kd1 Rxb3 31. Qxc6 Bf4 32. Qc2 Rg3 33. Qb2+ Kh6 34. Qf6 Rd3+ 35. Kc2 Rd2+ 36. Kb3 Bg5 37. Qxf7 Rxg2 38. Qf8+ Kh5 39. Qf3+ 1-0

[Event "Two games a month 2"]
[Site "Winnipeg CAN"]
[Date "2004.04.04"]
[Round "3"]
[White "Still, Graham"]
[Black "Liebzeit, Mick"]
[Result "1/2-1/2"]
[WhiteElo "1347"]
[BlackElo "1317"]
[PlyCount "98"]
[GameId "2160767911175207"]
[EventDate "2004.03.28"]
[EventType "swiss"]
[EventRounds "4"]
[EventCountry "CAN"]
[SourceTitle "EXT 2006"]
[Source "ChessBase"]
[SourceDate "2005.11.24"]
[SourceVersion "1"]
[SourceVersionDate "2005.11.24"]
[SourceQuality "1"]

1. c4 c6 2. d4 Nf6 3. Nc3 d5 4. Bg5 Bf5 5. Nf3 Nbd7 6. Bxf6 Nxf6 7. e3 e6 8. Bd3 Ne4 9. Qc2 Bb4 10. O-O Nxc3 11. bxc3 Bxd3 12. Qxd3 Bd6 13. cxd5 exd5 14. c4 Bc7 15. Rab1 b6 16. e4 O-O 17. cxd5 cxd5 18. exd5 Qxd5 19. a4 Rad8 20. Rb5 Qc6 21. Ng5 Qh6 22. h3 a6 23. Rf5 g6 24. Rxf7 Qxg5 25. Rxc7 Qf4 26. Rc4 Rf6 27. d5 Qe5 28. Rd1 Qb2 29. Qd4 Qxd4 30. Rcxd4 Kf7 31. f3 Rfd6 32. Kf2 Kf6 33. R1d3 b5 34. axb5 axb5 35. Rf4+ Ke5 36. Re4+ Kf6 37. Red4 g5 38. Kg3 Ke5 39. Re4+ Kf5 40. Red4 Ke5 41. Rg4 h6 42. h4 Kf5 43. hxg5 hxg5 44. Rgd4 Ke5 45. f4+ gxf4+ 46. Rxf4 Rxd5 47. Rxd5+ Rxd5 48. Rb4 Rd3+ 49. Kf2 Rd2+ 1/2-1/2

[Event "Two games a month 2"]
[Site "Winnipeg CAN"]
[Date "2004.04.04"]
[Round "3"]
[White "Vincent, Trevor"]
[Black "Boron, Anthony"]
[Result "1/2-1/2"]
[WhiteElo "2053"]
[BlackElo "1931"]
[PlyCount "71"]
[GameId "2160767911175208"]
[EventDate "2004.03.28"]
[EventType "swiss"]
[EventRounds "4"]
[EventCountry "CAN"]
[SourceTitle "EXT 2006"]
[Source "ChessBase"]
[SourceDate "2005.11.24"]
[SourceVersion "1"]
[SourceVersionDate "2005.11.24"]
[SourceQuality "1"]

1. c4 b6 2. Nc3 Bb7 3. e4 e6 4. g3 f5 5. d3 Nf6 6. Bg2 fxe4 7. Nxe4 Nxe4 8. dxe4 Bb4+ 9. Bd2 Qe7 10. Ne2 Bxd2+ 11. Qxd2 O-O 12. O-O Nc6 13. Rac1 Rad8 14. Kh1 Kh8 15. e5 Ba8 16. Qe3 Rf5 17. f4 Rdf8 18. g4 R5f7 19. Rcd1 g5 20. Rd2 gxf4 21. Nxf4 Qg5 22. Rdf2 Qxe5 23. Ng6+ hxg6 24. Qh6+ Kg8 25. Qxf8+ Rxf8 26. Rxf8+ Kh7 27. Rxa8 d5 28. Raf8 g5 29. cxd5 exd5 30. R8f7+ Kg6 31. R7f5 Qxb2 32. Bxd5 Ne5 33. Be4 Kh6 34. Rf6+ Kg7 35. R6f5 Kh6 36. Rf6+ 1/2-1/2

[Event "Two games a month 2"]
[Site "Winnipeg CAN"]
[Date "2004.04.04"]
[Round "4"]
[White "Booth, Kevin"]
[Black "Gibbons, Lorne"]
[Result "0-1"]
[WhiteElo "1314"]
[BlackElo "1368"]
[PlyCount "34"]
[GameId "2160767911175209"]
[EventDate "2004.03.28"]
[EventType "swiss"]
[EventRounds "4"]
[EventCountry "CAN"]
[SourceTitle "EXT 2006"]
[Source "ChessBase"]
[SourceDate "2005.11.24"]
[SourceVersion "1"]
[SourceVersionDate "2005.11.24"]
[SourceQuality "1"]

1. d4 d5 2. c4 e6 3. Nc3 Bb4 4. Bd2 dxc4 5. e3 Nf6 6. Bxc4 O-O 7. Nge2 c6 8. a3 Ba5 9. Qc2 b5 10. Ba2 Bb7 11. Bb1 g6 12. b4 Bc7 13. e4 a5 14. bxa5 Bxa5 15. Bg5 Nxe4 16. Bxd8 Nxc3 17. Nxc3 Rxd8 0-1

[Event "Two games a month 2"]
[Site "Winnipeg CAN"]
[Date "2004.04.04"]
[Round "4"]
[White "Boron, Anthony"]
[Black "Dharssi, Karim"]
[Result "1-0"]
[WhiteElo "1931"]
[BlackElo "1383"]
[PlyCount "79"]
[GameId "2160767911175210"]
[EventDate "2004.03.28"]
[EventType "swiss"]
[EventRounds "4"]
[EventCountry "CAN"]
[SourceTitle "EXT 2006"]
[Source "ChessBase"]
[SourceDate "2005.11.24"]
[SourceVersion "1"]
[SourceVersionDate "2005.11.24"]
[SourceQuality "1"]

1. e4 c5 2. Nc3 d6 3. f4 Nf6 4. Nf3 a6 5. a4 Nc6 6. Bc4 e5 7. d3 Bg4 8. h3 Bh5 9. Be3 Be7 10. g4 Nxg4 11. hxg4 Bxg4 12. Rg1 Bh4+ 13. Bf2 Bxf2+ 14. Kxf2 h5 15. f5 Nd4 16. Rg3 g6 17. Qh1 gxf5 18. Nxd4 cxd4 19. exf5 Qf6 20. Qe4 Qxf5+ 21. Qxf5 Bxf5 22. Nd5 Rc8 23. Rag1 Bg4 24. Nf6+ Ke7 25. Nxg4 hxg4 26. Rxg4 Rh2+ 27. R1g2 Rxg2+ 28. Kxg2 b5 29. axb5 axb5 30. Bb3 f5 31. Rg7+ Kf6 32. Rf7+ Kg5 33. Rb7 f4 34. Rxb5 Kf5 35. Rb6 d5 36. Rb5 Rg8+ 37. Kf2 Rg3 38. Bxd5 Kg4 39. Be6+ Kh4 40. Rxe5 1-0

[Event "Two games a month 2"]
[Site "Winnipeg CAN"]
[Date "2004.04.04"]
[Round "4"]
[White "Mor, Shai"]
[Black "Sigurdson, Matthew"]
[Result "1-0"]
[WhiteElo "1370"]
[BlackElo "1005"]
[PlyCount "77"]
[GameId "2160767911175211"]
[EventDate "2004.03.28"]
[EventType "swiss"]
[EventRounds "4"]
[EventCountry "CAN"]
[SourceTitle "EXT 2006"]
[Source "ChessBase"]
[SourceDate "2005.11.24"]
[SourceVersion "1"]
[SourceVersionDate "2005.11.24"]
[SourceQuality "1"]

1. c4 e6 2. g3 d5 3. cxd5 exd5 4. b3 c5 5. Bg2 Nf6 6. Bb2 d4 7. d3 Qc7 8. Nd2 Nc6 9. a3 a5 10. e3 Bd6 11. Ne2 dxe3 12. fxe3 Ne5 13. Qc2 Rb8 14. O-O b6 15. Nc4 O-O 16. Nf4 Nxc4 17. bxc4 Nd7 18. Nd5 Qd8 19. Be4 Be5 20. d4 Bc7 21. Bxh7+ Kh8 22. Rf2 g6 23. Bxg6 fxg6 24. Qxg6 Rxf2 25. Kxf2 Qf8+ 26. Kg2 Bb7 27. Rf1 Qg7 28. Qxg7+ Kxg7 29. dxc5+ Kg8 30. h4 Nxc5 31. Kh3 Bxd5 32. cxd5 Ne4 33. h5 Kh7 34. Rf7+ Kh6 35. Rxc7 Kxh5 36. Bd4 Rg8 37. Rh7+ Kg6 38. Rh4 Kf5 39. Rf4+ 1-0

[Event "Two games a month 2"]
[Site "Winnipeg CAN"]
[Date "2004.04.04"]
[Round "4"]
[White "Pottinger, Carl"]
[Black "Still, Graham"]
[Result "1-0"]
[WhiteElo "1653"]
[BlackElo "1347"]
[PlyCount "51"]
[GameId "2160767911175212"]
[EventDate "2004.03.28"]
[EventType "swiss"]
[EventRounds "4"]
[EventCountry "CAN"]
[SourceTitle "EXT 2006"]
[Source "ChessBase"]
[SourceDate "2005.11.24"]
[SourceVersion "1"]
[SourceVersionDate "2005.11.24"]
[SourceQuality "1"]

1. c4 e5 2. g3 Nf6 3. Bg2 Bc5 4. Nc3 c6 5. e3 O-O 6. Nge2 Re8 7. O-O d5 8. cxd5 cxd5 9. d4 exd4 10. Nxd4 Nc6 11. Nxc6 bxc6 12. b3 Bg4 13. Qc2 Qd7 14. Na4 Bb4 15. Bb2 Bf5 16. Qc1 Ne4 17. Nc3 Nxc3 18. Bxc3 Bxc3 19. Qxc3 Rac8 20. Qc5 Rc7 21. Rac1 Be4 22. Rc3 Bxg2 23. Kxg2 Rb8 24. Rfc1 f6 25. Qa5 Qd6 26. Rc5 1-0

[Event "Two games a month 2"]
[Site "Winnipeg CAN"]
[Date "2004.04.04"]
[Round "4"]
[White "Rutter, Blair"]
[Black "Liebzeit, Mick"]
[Result "0-1"]
[WhiteElo "1626"]
[BlackElo "1317"]
[PlyCount "76"]
[GameId "2160767911175213"]
[EventDate "2004.03.28"]
[EventType "swiss"]
[EventRounds "4"]
[EventCountry "CAN"]
[SourceTitle "EXT 2006"]
[Source "ChessBase"]
[SourceDate "2005.11.24"]
[SourceVersion "1"]
[SourceVersionDate "2005.11.24"]
[SourceQuality "1"]

1. c4 c6 2. g3 Nf6 3. Bg2 d5 4. cxd5 cxd5 5. Nf3 Nc6 6. O-O e5 7. d3 Bg4 8. Bg5 Be7 9. Qb3 Qd7 10. Nc3 Bxf3 11. Bxf3 Nd4 12. Qd1 Nxf3+ 13. exf3 O-O 14. Qb3 Rfd8 15. Rad1 h6 16. Bxf6 Bxf6 17. Rfe1 a5 18. a4 Ra6 19. Rc1 Bg5 20. Rc2 Re6 21. Ree2 Kh8 22. Nb5 Rc8 23. Rxc8+ Qxc8 24. Qxd5 Rc6 25. Kg2 Bf4 26. Nd6 Qc7 27. gxf4 Rxd6 28. Qxe5 Rg6+ 29. Kh3 Qd7+ 30. f5 Kh7 31. Re3 Rg5 32. Qe4 Rxf5 33. Kh4 g6 34. f4 Rxf4+ 35. Qxf4 g5+ 36. Qxg5 hxg5+ 37. Kxg5 Qxa4 38. Re4 Qb5+ 0-1